000 00624nam a22002297a 4500
001 47126
003 UA-OsUOA
005 20230920125925.0
007 ta
008 20070711b un ||||| |||| 00| 0 ukr d
040 _aUA-OsUOA
_brus
_cUA-OsUOA
_dUA-OsUOA
041 _arus
080 _a7.02.03
090 _a7.02.03
_bЛ55
100 _aЛибкнехт К.
245 _aМысли об искусстве: трактат, статьи, речи, письма
260 _aМ.
_c1971
300 _a355 с.
650 7 _a7.0 Загальні питання мистецтва
_2UDC
942 _cBK
_2udc
955 _a4
999 _c333224
_d333224